000 00508nam a2200169Ia 4500
008 090201s9999 xx 000 0 und d
010 _aKPL-16692
040 _bमराठी
041 _aमराठी
082 _a41751
_b16692
100 _aचि. य. मराठे
245 _aनिवडक कथा
_cचि. य. मराठे
260 _c2004
_bसौ. छाया कोलारकर
300 _a196
_bमोठा
600 _aनिवडक कथा
942 _cBOOK
999 _c238933
_d238933